• 首页
  • 本馆介绍
  • 公告通知
  • 最新文献
  • 馆藏检索
  • 电子资源
  • 读者导购
  • 参考咨询
  • 我的图书馆
  • 登录
  • 详细信息显示
  • 放入我的书架
  • 预约/预借图书
  • 作者相关作品
  • 分类相关作品
  • 丛书相关作品
  • 出版社相关作品

书目信息

  • 表格格式
  • 工作单格式
  • 卡片格式
题名:
公路桥梁建设施工技术与质量检验
    
 
作者: 高连亭 主编
分册:  
出版信息: 北京   中国标准出版社  2003.06
页数: 706页
开本: 21cm
丛书名: 公路工程建设与质量检验丛书
单 册:
中图分类: U448.145
科图分类:
主题词: 公路桥--桥梁工程--工程施工 , 公路桥--桥梁工程--质量检验 , 公路桥 , 桥梁工程 , 质量检验
电子资源:
ISBN: 7-5066-3032-X
000 01189oam2 2200313 450
001 002403432
005 20060913100040.35
010    @a7-5066-3032-X@dCNY50.00
092    @aCN@b488050
100    @a20030704d2003 em y0chiy0110 ea
101 0  @achi
102    @aCN@b110000
105    @aa z 000yy
200 1  @a公路桥梁建设施工技术与质量检验@Agong lu qiao liang jian she shi gong ji shu yu zhi liang jian yan@f高连亭主编@Fgao lian ting zhu bian@g本书编委会编@Gben shu bian wei hui bian
210    @a北京@c中国标准出版社@d2003.06
215    @a706页@c图@d21cm
225 2  @a公路工程建设与质量检验丛书
330    @a本手册从六个方面讲述了有关桥涵方面的技术:公路桥涵设计规范;公路桥涵施工技术;公路桥梁工程相关标准规范;公路桥梁工程施工技术;公路桥梁工程质量检验评定;公路桥梁工程质量通病及防治。
461  0 @1001002363166@12001 @a公路工程建设与质量检验丛书
606 0  @a公路桥@x桥梁工程@x工程施工
606 0  @a公路桥@x桥梁工程@x质量检验
606 0  @a公路桥
606 0  @a桥梁工程
606 0  @a质量检验
690    @aU448.145@v4
701  0 @a高连亭@Agao lian ting@c(公路工程)@4主编
801  0 @aCN@bNLC@c20060913
905    @aBZT@dU448.145@e1
906    @dCNY50.00@n0@r1
    
    公路桥梁建设施工技术与质量检验/高连亭主编/本书编委会编.-北京:中国标准出版社,2003.06
    706页:图;21cm.-(公路工程建设与质量检验丛书)
    
    
    ISBN 7-5066-3032-X:CNY50.00
    本手册从六个方面讲述了有关桥涵方面的技术:公路桥涵设计规范;公路桥涵施工技术;公路桥梁工程相关标准规范;公路桥梁工程施工技术;公路桥梁工程质量检验评定;公路桥梁工程质量通病及防治。
●
相关链接 在五车中查询图书 在当当中查询图书 在豆瓣中查询图书


正题名:公路桥梁建设施工技术与质量检验     索取号:U448.145/1         预约/预借

序号 登录号 条形码 馆藏地/架位号 状态 备注
1 456894   230013218   中心书库北库/ 北库040架B面3列3层11/ [索取号:U448.145/1] 在馆    
2 456895   230013219   中心书库北库/ 北库040架B面3列1层2/ [索取号:U448.145/1] 在馆    
3 456896   230013220   中心书库北库/ 北库040架B面3列1层4/ [索取号:U448.145/1] 在馆    
4 456897   230013221   中心书库北库/ 北库040架B面3列1层3/ [索取号:U448.145/1] 在馆    
5 456898   230013222   中心书库北库/ 北库040架B面3列1层1/ [索取号:U448.145/1] 在馆    
山东省滨州职业学院图书馆 欢迎您!
大连网信软件有限公司© 版权所有